[Event "ODJM A 2018"]
[Site "Willingen GER"]
[Date "2018.05.20"]
[Round "1"]
[White "Goldbeck, Lars"]
[Black "Erofeev, Anastasia"]
[Result "1-0"]
[Termination "normal"]
[Board "5"]
[WhiteElo "2247"]
[BlackElo "1933"]
[WhiteClock "00:36:25"]
[BlackClock "00:06:36"]
[PlyCount "53"]
[WhiteFideId "16208188"]
[BlackFideId "12917915"]
[EventCountry "GER"]
[EventRounds "9"]
[EventType "swiss"]
[EventDate "2018.05.19"]

1. d4 {[%clk 1:30:57]} 1... d5 {[%clk 1:30:54]} 2. Bf4 {[%clk 1:31:23]} 2...
Nf6 {[%clk 1:31:11]} 3. e3 {[%clk 1:31:50]} 3... c6 {[%clk 1:31:19]} 4. Nd2 {
[%clk 1:30:07]} 4... Bf5 {[%clk 1:28:16]} 5. Bd3 {[%clk 1:28:51]} 5... Bg6 {
[%clk 1:21:51]} 6. Ngf3 {[%clk 1:25:49]} 6... Nbd7 {[%clk 1:19:22]} 7. Ne5 {
[%clk 1:22:59]} 7... Nxe5 {[%clk 1:17:44]} 8. dxe5 {[%clk 1:23:28]} 8... Ne4 {
[%clk 1:14:23]} 9. e6 {[%clk 1:20:43]} 9... Nc5 {[%clk 1:08:41]} 10. exf7+ {
[%clk 1:19:48]} 10... Bxf7 {[%clk 1:08:37]} 11. Be2 {[%clk 1:17:05]} 11... e6 {
[%clk 1:02:05]} 12. Nf3 {[%clk 1:11:11]} 12... Bd6 {[%clk 0:58:17]} 13. Ne5 {
[%clk 1:04:09]} 13... O-O {[%clk 0:55:51]} 14. O-O {[%clk 1:02:42]} 14... Qc7 {
[%clk 0:52:38]} 15. Qd4 {[%clk 0:57:03]} 15... Ne4 {[%clk 0:50:06]} 16. Nd3 {
[%clk 0:54:06]} 16... Bg6 {[%clk 0:36:17]} 17. c3 {[%clk 0:47:22]} 17... Bxf4 {
[%clk 0:28:28]} 18. exf4 {[%clk 0:47:22]} 18... Nd2 {[%clk 0:22:20]} 19. Rfe1 {
[%clk 0:43:43]} 19... Nc4 {[%clk 0:17:06]} 20. b3 {[%clk 0:42:51]} 20... Bxd3 {
[%clk 0:16:09]} 21. Qxd3 {[%clk 0:42:45]} 21... Nd6 {[%clk 0:16:04]} 22. g3 {
[%clk 0:41:26]} 22... Rae8 {[%clk 0:14:54]} 23. Bg4 {[%clk 0:40:09]} 23... Qf7
{[%clk 0:11:30]} 24. Re5 {[%clk 0:39:42]} 24... Re7 {[%clk 0:09:18]} 25. Rae1 {
[%clk 0:39:58]} 25... Rfe8 {[%clk 0:08:29]} 26. Qe3 {[%clk 0:36:07]} 26... Qg6
{[%clk 0:06:36]} 27. Bh5 {[%clk 0:36:25]} 1-0

[Event "ODJM A 2018"]
[Site "Willingen GER"]
[Date "2018.05.20"]
[Round "1"]
[White "Bargsten, Justus"]
[Black "Borchert, René"]
[Result "0-1"]
[Termination "normal"]
[Board "6"]
[WhiteElo "1953"]
[BlackElo "2186"]
[WhiteClock "00:39:59"]
[BlackClock "00:09:22"]
[PlyCount "86"]
[WhiteFideId "12974188"]
[BlackFideId "12990671"]
[EventCountry "GER"]
[EventRounds "9"]
[EventType "swiss"]
[EventDate "2018.05.19"]

1. e4 {[%clk 1:30:58]} 1... e5 {[%clk 1:30:54]} 2. Nf3 {[%clk 1:31:24]} 2...
Nc6 {[%clk 1:31:21]} 3. Bb5 {[%clk 1:31:46]} 3... a6 {[%clk 1:31:29]} 4. Ba4 {
[%clk 1:32:12]} 4... Nf6 {[%clk 1:31:52]} 5. O-O {[%clk 1:32:35]} 5... Be7 {
[%clk 1:31:24]} 6. d3 {[%clk 1:32:58]} 6... b5 {[%clk 1:31:09]} 7. Bb3 { [%clk
1:33:20]} 7... d6 {[%clk 1:30:57]} 8. a4 {[%clk 1:33:44]} 8... b4 { [%clk
1:28:23]} 9. a5 {[%clk 1:33:25]} 9... O-O {[%clk 1:27:51]} 10. Nbd2 { [%clk
1:23:34]} 10... Rb8 {[%clk 1:26:56]} 11. h3 {[%clk 1:21:36]} 11... Na7 { [%clk
1:17:23]} 12. Nc4 {[%clk 1:16:51]} 12... c5 {[%clk 1:14:11]} 13. Be3 { [%clk
1:07:36]} 13... Nc6 {[%clk 1:12:35]} 14. Nh2 {[%clk 0:59:37]} 14... Be6 { [%clk
1:09:14]} 15. c3 {[%clk 0:54:01]} 15... bxc3 {[%clk 1:06:09]} 16. bxc3 { [%clk
0:54:24]} 16... Bxc4 {[%clk 1:04:35]} 17. Bxc4 {[%clk 0:54:30]} 17... Nxa5
{[%clk 1:04:47]} 18. Bxa6 {[%clk 0:53:39]} 18... Qb6 {[%clk 1:04:43]} 19. Qa4
{[%clk 0:53:41]} 19... Qxa6 {[%clk 1:04:57]} 20. c4 {[%clk 0:45:18]} 20... Bd8
{[%clk 0:29:15]} 21. Bd2 {[%clk 0:45:42]} 21... Ra8 {[%clk 0:27:24]} 22. Ra3
{[%clk 0:45:07]} 22... Bc7 {[%clk 0:17:51]} 23. Rfa1 {[%clk 0:44:12]} 23... Ra7
{[%clk 0:17:22]} 24. Bxa5 {[%clk 0:44:35]} 24... Rfa8 {[%clk 0:17:35]} 25. Bxc7
{[%clk 0:44:50]} 25... Qxa4 {[%clk 0:17:40]} 26. Rxa4 {[%clk 0:45:09]} 26...
Rxa4 {[%clk 0:18:07]} 27. Rxa4 {[%clk 0:45:25]} 27... Rxa4 { [%clk 0:18:34]}
28. Bxd6 {[%clk 0:45:48]} 28... Ra1+ {[%clk 0:18:47]} 29. Nf1 { [%clk 0:46:08]}
29... Nd7 {[%clk 0:19:04]} 30. f4 {[%clk 0:45:54]} 30... exf4 { [%clk 0:13:46]}
31. Bxf4 {[%clk 0:45:24]} 31... Ra3 {[%clk 0:12:45]} 32. Kf2 { [%clk 0:44:32]}
32... Rxd3 {[%clk 0:13:10]} 33. Ke2 {[%clk 0:44:21]} 33... Ra3 {[%clk 0:12:48]}
34. Ne3 {[%clk 0:41:23]} 34... f6 {[%clk 0:12:22]} 35. Bd6 { [%clk 0:41:15]}
35... Kf7 {[%clk 0:12:12]} 36. Ng4 {[%clk 0:37:36]} 36... Ke6 { [%clk 0:11:56]}
37. Bf4 {[%clk 0:37:58]} 37... h5 {[%clk 0:10:53]} 38. Nf2 { [%clk 0:38:19]}
38... Ne5 {[%clk 0:11:10]} 39. Bxe5 {[%clk 0:38:43]} 39... Kxe5 {[%clk
0:09:23]} 40. Nd3+ {[%clk 0:39:05]} 40... Kd4 {[%clk 0:09:25]} 41. Nf4 { [%clk
0:39:12]} 41... Kxe4 {[%clk 0:09:08]} 42. Nxh5 {[%clk 0:39:35]} 42... Ra2+
{[%clk 0:09:31]} 43. Kf1 {[%clk 0:39:59]} 43... Ra7 {[%clk 0:09:22]} 0-1

[Event "ODJM A 2018"]
[Site "Willingen GER"]
[Date "2018.05.20"]
[Round "1"]
[White "Küppers, Timo"]
[Black "Askerov, Imamali"]
[Result "1-0"]
[Termination "normal"]
[Board "7"]
[WhiteElo "2175"]
[BlackElo "1935"]
[WhiteClock "00:16:04"]
[BlackClock "00:20:52"]
[PlyCount "105"]
[WhiteFideId "16205820"]
[BlackFideId "12974498"]
[EventCountry "GER"]
[EventRounds "9"]
[EventType "swiss"]
[EventDate "2018.05.19"]

1. e4 {[%clk 1:30:46]} 1... c5 {[%clk 1:30:46]} 2. Nf3 {[%clk 1:31:11]} 2... d6
{[%clk 1:31:07]} 3. d4 {[%clk 1:30:21]} 3... cxd4 {[%clk 1:31:29]} 4. Nxd4 {
[%clk 1:30:47]} 4... Nf6 {[%clk 1:31:52]} 5. Nc3 {[%clk 1:31:14]} 5... a6 {
[%clk 1:32:17]} 6. Bg5 {[%clk 1:30:31]} 6... Nbd7 {[%clk 1:32:20]} 7. Qe2 {
[%clk 1:30:52]} 7... b5 {[%clk 1:31:34]} 8. O-O-O {[%clk 1:17:58]} 8... Bb7 {
[%clk 1:31:04]} 9. Bxf6 {[%clk 1:13:06]} 9... gxf6 {[%clk 1:25:36]} 10. Kb1 {
[%clk 1:09:08]} 10... e6 {[%clk 1:22:34]} 11. f4 {[%clk 0:45:39]} 11... Rc8 {
[%clk 1:14:19]} 12. f5 {[%clk 0:36:39]} 12... e5 {[%clk 1:07:38]} 13. Ne6 {
[%clk 0:33:40]} 13... fxe6 {[%clk 1:00:24]} 14. fxe6 {[%clk 0:31:59]} 14... h5
{[%clk 0:56:24]} 15. exd7+ {[%clk 0:32:23]} 15... Qxd7 {[%clk 0:56:26]} 16. Nd5
{[%clk 0:30:31]} 16... Bxd5 {[%clk 0:53:09]} 17. Rxd5 {[%clk 0:29:22]} 17...
Be7 {[%clk 0:48:30]} 18. Qd3 {[%clk 0:25:14]} 18... Qg4 {[%clk 0:34:06]} 19. g3
{[%clk 0:20:25]} 19... Rc4 {[%clk 0:27:48]} 20. Bg2 {[%clk 0:20:43]} 20... Kf7
{[%clk 0:23:36]} 21. Bf3 {[%clk 0:19:17]} 21... Qg5 {[%clk 0:17:25]} 22. h4 {
[%clk 0:18:06]} 22... Qg6 {[%clk 0:15:36]} 23. Rg1 {[%clk 0:17:37]} 23... Rhc8
{[%clk 0:14:23]} 24. c3 {[%clk 0:17:36]} 24... b4 {[%clk 0:13:09]} 25. cxb4 {
[%clk 0:16:33]} 25... Rxb4 {[%clk 0:11:05]} 26. Qe2 {[%clk 0:11:44]} 26... Rcb8
{[%clk 0:09:11]} 27. b3 {[%clk 0:11:21]} 27... Kf8 {[%clk 0:08:48]} 28. g4 {
[%clk 0:10:42]} 28... hxg4 {[%clk 0:06:43]} 29. Rxg4 {[%clk 0:10:57]} 29... Qh6
{[%clk 0:06:11]} 30. Qg2 {[%clk 0:09:44]} 30... Kf7 {[%clk 0:06:36]} 31. h5 {
[%clk 0:07:24]} 31... Rc8 {[%clk 0:06:25]} 32. Qg1 {[%clk 0:06:35]} 32... Bf8 {
[%clk 0:05:36]} 33. Rd1 {[%clk 0:04:57]} 33... Rc3 {[%clk 0:05:03]} 34. Be2 {
[%clk 0:04:14]} 34... Qe3 {[%clk 0:04:33]} 35. Qxe3 {[%clk 0:04:25]} 35... Rxe3
{[%clk 0:05:00]} 36. Bc4+ {[%clk 0:03:59]} 36... Ke7 {[%clk 0:04:46]} 37. Rh1 {
[%clk 0:03:41]} 37... f5 {[%clk 0:03:35]} 38. exf5 {[%clk 0:02:58]} 38... d5 {
[%clk 0:03:59]} 39. a3 {[%clk 0:02:44]} 39... Rexb3+ {[%clk 0:04:24]} 40. Bxb3
{[%clk 0:02:05]} 40... Rxg4 {[%clk 0:03:43]} 41. h6 {[%clk 0:00:50]} 41... d4 {
[%clk 0:29:15]} 42. h7 {[%clk 0:22:33]} 42... Bg7 {[%clk 0:29:39]} 43. h8=Q {
[%clk 0:22:36]} 43... Bxh8 {[%clk 0:30:03]} 44. Rxh8 {[%clk 0:23:01]} 44...
Rg1+ {[%clk 0:29:38]} 45. Kc2 {[%clk 0:21:11]} 45... Rg2+ {[%clk 0:29:47]} 46.
Kc1 {[%clk 0:18:07]} 46... e4 {[%clk 0:23:56]} 47. Rh4 {[%clk 0:15:49]} 47...
Rg3 {[%clk 0:20:38]} 48. Rxe4+ {[%clk 0:15:20]} 48... Kf6 {[%clk 0:21:01]} 49.
Be6 {[%clk 0:15:09]} 49... Rxa3 {[%clk 0:21:12]} 50. Rxd4 {[%clk 0:15:31]}
50... a5 {[%clk 0:20:33]} 51. Kb2 {[%clk 0:15:48]} 51... Re3 {[%clk 0:20:42]}
52. Rd5 {[%clk 0:15:45]} 52... a4 {[%clk 0:20:52]} 53. Ra5 {[%clk 0:16:04]} 1-0

[Event "ODJM A 2018"]
[Site "Willingen GER"]
[Date "2018.05.20"]
[Round "1"]
[White "Steffens, Oliver"]
[Black "Silber, Kevin"]
[Result "1/2-1/2"]
[Termination "normal"]
[Board "8"]
[WhiteElo "1944"]
[BlackElo "2244"]
[WhiteClock "00:33:31"]
[BlackClock "00:20:20"]
[PlyCount "43"]
[WhiteFideId "12947148"]
[BlackFideId "12930440"]
[EventCountry "GER"]
[EventRounds "9"]
[EventType "swiss"]
[EventDate "2018.05.19"]

1. e4 {[%clk 1:30:44]} 1... e5 {[%clk 1:30:13]} 2. Nf3 {[%clk 1:30:21]} 2... d6
{[%clk 1:28:41]} 3. d4 {[%clk 1:29:57]} 3... exd4 {[%clk 1:29:04]} 4. Nxd4 {
[%clk 1:30:09]} 4... Nf6 {[%clk 1:29:18]} 5. Nc3 {[%clk 1:30:32]} 5... Be7 {
[%clk 1:29:30]} 6. Bf4 {[%clk 1:23:50]} 6... O-O {[%clk 1:29:47]} 7. Qd2 {
[%clk 1:23:37]} 7... Re8 {[%clk 1:29:46]} 8. O-O-O {[%clk 1:23:37]} 8... Nc6 {
[%clk 1:25:29]} 9. Bb5 {[%clk 1:07:32]} 9... Bd7 {[%clk 1:23:11]} 10. Nxc6 {
[%clk 0:53:49]} 10... Bxc6 {[%clk 1:10:42]} 11. Bxc6 11... bxc6 {[%clk 1:11:05]
} 12. Rhe1 {[%clk 0:44:43]} 12... Nd7 {[%clk 1:08:11]} 13. e5 {[%clk 0:37:13]}
13... Nxe5 {[%clk 1:00:00]} 14. Bxe5 {[%clk 0:37:15]} 14... dxe5 { [%clk
1:00:21]} 15. Qxd8 {[%clk 0:35:37]} 15... Bxd8 {[%clk 0:58:05]} 16. Rd7 { [%clk
0:35:53]} 16... Bg5+ {[%clk 0:50:27]} 17. Kb1 {[%clk 0:36:13]} 17... Rac8
{[%clk 0:48:43]} 18. Re4 {[%clk 0:34:30]} 18... Re6 {[%clk 0:45:22]} 19. Ra4 {
[%clk 0:34:08]} 19... Rd6 {[%clk 0:19:44]} 20. Rxd6 {[%clk 0:34:25]} 20... cxd6
{[%clk 0:20:12]} 21. Rxa7 {[%clk 0:34:48]} 21... f5 {[%clk 0:20:20]} 22. a4 {
[%clk 0:33:31]} 1/2-1/2

[Event "ODJM A 2018"]
[Site "Willingen GER"]
[Date "2018.05.20"]
[Round "1"]
[White "Arndt, Magnus"]
[Black "Schilay, Lorenz"]
[Result "1-0"]
[Termination "normal"]
[Board "9"]
[WhiteElo "2120"]
[BlackElo "1920"]
[WhiteClock "00:12:00"]
[BlackClock "00:02:47"]
[PlyCount "145"]
[WhiteFideId "12998656"]
[BlackFideId "12930180"]
[EventCountry "GER"]
[EventRounds "9"]
[EventType "swiss"]
[EventDate "2018.05.19"]

1. e4 {[%clk 1:30:58]} 1... e5 {[%clk 1:30:56]} 2. Nf3 {[%clk 1:31:24]} 2...
Nc6 {[%clk 1:31:21]} 3. d4 {[%clk 1:31:50]} 3... exd4 {[%clk 1:31:47]} 4. Nxd4
{[%clk 1:32:15]} 4... Bc5 {[%clk 1:32:12]} 5. Nb3 {[%clk 1:32:41]} 5... Bb6 {
[%clk 1:32:29]} 6. Nc3 {[%clk 1:33:05]} 6... Nf6 {[%clk 1:32:48]} 7. Qe2 {
[%clk 1:33:29]} 7... d6 {[%clk 1:32:49]} 8. Bg5 {[%clk 1:28:53]} 8... h6 {
[%clk 1:20:42]} 9. Bh4 {[%clk 1:28:17]} 9... g5 {[%clk 1:16:03]} 10. Bg3 {
[%clk 1:25:34]} 10... Qe7 {[%clk 1:15:11]} 11. O-O-O {[%clk 1:24:20]} 11... Be6
{[%clk 1:11:14]} 12. Nd5 {[%clk 1:02:01]} 12... Bxd5 {[%clk 1:09:46]} 13. exd5
{[%clk 1:02:30]} 13... Qxe2 {[%clk 1:09:00]} 14. Bxe2 {[%clk 1:02:58]} 14...
Ne7 {[%clk 1:09:20]} 15. Rhe1 {[%clk 0:51:01]} 15... O-O-O {[%clk 1:00:30]} 16.
Bg4+ {[%clk 0:41:50]} 16... Nxg4 {[%clk 1:00:53]} 17. Rxe7 {[%clk 0:42:13]}
17... Rd7 {[%clk 0:59:44]} 18. Re2 {[%clk 0:41:41]} 18... Kd8 {[%clk 0:50:47]}
19. Rde1 {[%clk 0:34:11]} 19... Nf6 {[%clk 0:49:13]} 20. c4 {[%clk 0:34:26]}
20... Re8 {[%clk 0:48:41]} 21. Rxe8+ {[%clk 0:32:56]} 21... Nxe8 { [%clk
0:49:05]} 22. Kd2 {[%clk 0:27:57]} 22... f5 {[%clk 0:46:00]} 23. f4 { [%clk
0:27:23]} 23... Re7 {[%clk 0:45:31]} 24. Rxe7 {[%clk 0:21:34]} 24... Kxe7
{[%clk 0:45:56]} 25. Kd3 {[%clk 0:19:51]} 25... Nf6 {[%clk 0:44:47]} 26. Nd4 {
[%clk 0:14:23]} 26... Bxd4 {[%clk 0:43:36]} 27. Kxd4 {[%clk 0:14:52]} 27... Nh5
{[%clk 0:41:10]} 28. fxg5 {[%clk 0:13:33]} 28... hxg5 {[%clk 0:40:20]} 29. Be1
{[%clk 0:13:32]} 29... Nf4 {[%clk 0:36:08]} 30. g3 {[%clk 0:13:38]} 30... Ng6 {
[%clk 0:30:46]} 31. Bd2 {[%clk 0:10:52]} 31... Kf6 {[%clk 0:30:41]} 32. Ke3 {
[%clk 0:10:25]} 32... c6 {[%clk 0:18:51]} 33. Bc3+ {[%clk 0:08:41]} 33... Ke7 {
[%clk 0:17:12]} 34. b3 {[%clk 0:07:34]} 34... cxd5 {[%clk 0:11:41]} 35. cxd5 {
[%clk 0:07:59]} 35... Kf7 {[%clk 0:06:28]} 36. h3 {[%clk 0:07:15]} 36... f4+ {
[%clk 0:04:58]} 37. Kf3 {[%clk 0:05:49]} 37... fxg3 {[%clk 0:05:16]} 38. Kxg3 {
[%clk 0:06:18]} 38... Nf4 {[%clk 0:05:04]} 39. Bd2 {[%clk 0:06:43]} 39... Nxd5
{[%clk 0:04:47]} 40. Bxg5 {[%clk 0:07:07]} 40... Nb4 {[%clk 0:04:08]} 41. a4 {
[%clk 0:03:27]} 41... Nd3 {[%clk 0:03:52]} 42. Be3 {[%clk 0:03:32]} 42... a6 {
[%clk 0:04:01]} 43. Kf3 {[%clk 0:02:12]} 43... Ke6 {[%clk 0:29:32]} 44. Ke4 {
[%clk 0:31:19]} 44... Ne5 {[%clk 0:29:54]} 45. Bf4 {[%clk 0:29:59]} 45... Ng6 {
[%clk 0:27:06]} 46. Bg3 {[%clk 0:30:23]} 46... Ne7 {[%clk 0:26:54]} 47. h4 {
[%clk 0:29:22]} 47... b5 {[%clk 0:25:15]} 48. h5 {[%clk 0:27:51]} 48... bxa4 {
[%clk 0:25:08]} 49. bxa4 {[%clk 0:28:21]} 49... d5+ {[%clk 0:25:03]} 50. Kf4 {
[%clk 0:26:39]} 50... Nf5 {[%clk 0:24:30]} 51. Be1 {[%clk 0:26:05]} 51... Kf6 {
[%clk 0:23:13]} 52. Bc3+ {[%clk 0:26:31]} 52... Ke6 {[%clk 0:19:07]} 53. Bb2 {
[%clk 0:25:03]} 53... Nh6 {[%clk 0:17:39]} 54. Kg5 {[%clk 0:23:40]} 54... Nf7+
{[%clk 0:16:55]} 55. Kg6 {[%clk 0:23:38]} 55... Ke7 {[%clk 0:16:03]} 56. Kf5 {
[%clk 0:20:00]} 56... Nd6+ {[%clk 0:15:12]} 57. Kg6 {[%clk 0:20:27]} 57... Nf7
{[%clk 0:15:25]} 58. Bf6+ {[%clk 0:20:52]} 58... Ke6 {[%clk 0:15:16]} 59. Bd4 {
[%clk 0:21:16]} 59... Ke7 {[%clk 0:12:59]} 60. Kf5 {[%clk 0:21:08]} 60... Kd6 {
[%clk 0:08:09]} 61. Kf6 {[%clk 0:20:12]} 61... Nh6 {[%clk 0:08:27]} 62. Be3 {
[%clk 0:12:25]} 62... Ng4+ {[%clk 0:02:34]} 63. Kg5 {[%clk 0:12:54]} 63... Nxe3
{[%clk 0:02:58]} 64. h6 {[%clk 0:13:16]} 64... Nc4 {[%clk 0:02:17]} 65. h7 {
[%clk 0:13:40]} 65... Ne5 {[%clk 0:02:43]} 66. Kf6 {[%clk 0:14:06]} 66... Nd7+
{[%clk 0:02:20]} 67. Kg7 {[%clk 0:14:28]} 67... Nc5 {[%clk 0:02:13]} 68. h8=Q {
[%clk 0:14:29]} 68... d4 {[%clk 0:02:12]} 69. Kg6 {[%clk 0:13:08]} 69... Kd5 {
[%clk 0:02:37]} 70. Kf5 {[%clk 0:12:49]} 70... Kc4 {[%clk 0:02:44]} 71. Kf4 {
[%clk 0:12:27]} 71... Nxa4 {[%clk 0:02:21]} 72. Qc8+ {[%clk 0:12:42]} 72... Nc5
{[%clk 0:02:47]} 73. Ke5 {[%clk 0:12:00]} 1-0

[Event "ODJM A 2018"]
[Site "Willingen GER"]
[Date "2018.05.20"]
[Round "1"]
[White "Kartsev, Nikolay"]
[Black "Terhuven, Patrick"]
[Result "0-1"]
[Termination "normal"]
[Board "10"]
[WhiteElo "1993"]
[BlackElo "2124"]
[WhiteClock "00:01:13"]
[BlackClock "00:09:31"]
[PlyCount "72"]
[WhiteFideId "12939536"]
[BlackFideId "12919098"]
[EventCountry "GER"]
[EventRounds "9"]
[EventType "swiss"]
[EventDate "2018.05.19"]

1. e4 c5 2. c3 g6 3. d4 cxd4 4. cxd4 d5 5. exd5 5... Nf6 {[%clk 1:22:30]} 6.
Nc3 {[%clk 1:19:27]} 6... Nxd5 {[%clk 1:22:20]} 7. Bc4 {[%clk 1:18:53]} 7...
Nxc3 {[%clk 1:21:20]} 8. bxc3 {[%clk 1:19:21]} 8... Bg7 {[%clk 1:21:09]} 9. Bf4
{[%clk 1:07:08]} 9... O-O {[%clk 1:20:38]} 10. Nf3 {[%clk 1:07:31]} 10... Nc6 {
[%clk 1:18:25]} 11. O-O {[%clk 1:07:45]} 11... b6 {[%clk 1:15:48]} 12. Re1 {
[%clk 1:02:58]} 12... Bb7 {[%clk 1:12:37]} 13. Ne5 {[%clk 0:50:57]} 13... Nxe5
{[%clk 1:05:05]} 14. Bxe5 {[%clk 0:51:11]} 14... Rc8 {[%clk 1:04:22]} 15. Qd3 {
[%clk 0:49:25]} 15... e6 {[%clk 0:55:57]} 16. Bb3 {[%clk 0:45:26]} 16... Qd7 {
[%clk 0:52:42]} 17. f3 {[%clk 0:38:37]} 17... Rfd8 {[%clk 0:51:30]} 18. Bxg7 {
[%clk 0:34:34]} 18... Kxg7 {[%clk 0:51:48]} 19. Re5 {[%clk 0:34:52]} 19... Qc7
{[%clk 0:48:26]} 20. Re3 {[%clk 0:35:10]} 20... Bd5 {[%clk 0:45:02]} 21. Rc1 {
[%clk 0:30:17]} 21... Bc4 {[%clk 0:43:08]} 22. Qd2 {[%clk 0:23:23]} 22... Rd5 {
[%clk 0:39:54]} 23. Re4 {[%clk 0:21:17]} 23... b5 {[%clk 0:37:43]} 24. Rh4 {
[%clk 0:19:53]} 24... h5 {[%clk 0:37:40]} 25. Bc2 {[%clk 0:13:13]} 25... Qd8 {
[%clk 0:30:14]} 26. Rh3 {[%clk 0:10:46]} 26... b4 {[%clk 0:24:10]} 27. g4 {
[%clk 0:06:02]} 27... bxc3 {[%clk 0:22:45]} 28. Qe3 {[%clk 0:04:46]} 28... Qg5
{[%clk 0:16:04]} 29. f4 {[%clk 0:03:06]} 29... Qxg4+ {[%clk 0:16:06]} 30. Rg3 {
[%clk 0:03:26]} 30... Qe2 {[%clk 0:15:01]} 31. Qxc3 {[%clk 0:03:54]} 31... Ba6
{[%clk 0:12:41]} 32. Qb3 {[%clk 0:02:44]} 32... Qd2 {[%clk 0:11:45]} 33. Qb1 {
[%clk 0:01:55]} 33... Rb5 {[%clk 0:10:09]} 34. Qa1 {[%clk 0:00:36]} 34... Rxc2
{[%clk 0:10:02]} 35. d5+ {[%clk 0:01:03]} 35... Rbb2 {[%clk 0:09:03]} 36. Rxc2
{[%clk 0:01:13]} 36... Qxc2 {[%clk 0:09:31]} 0-1

[Event "ODJM A 2018"]
[Site "Willingen GER"]
[Date "2018.05.20"]
[Round "1"]
[White "Knudsen, Simon"]
[Black "Hofmann, Lorenz"]
[Result "1-0"]
[Termination "normal"]
[Board "11"]
[WhiteElo "2126"]
[BlackElo "1909"]
[WhiteClock "00:45:20"]
[BlackClock "00:02:18"]
[PlyCount "47"]
[WhiteFideId "12985546"]
[BlackFideId "12995509"]
[EventCountry "GER"]
[EventRounds "9"]
[EventType "swiss"]
[EventDate "2018.05.19"]

1. c4 {[%clk 1:30:56]} 1... e5 {[%clk 1:30:06]} 2. g3 {[%clk 1:25:11]} 2... Nc6
{[%clk 1:30:15]} 3. Bg2 {[%clk 1:24:02]} 3... g6 {[%clk 1:30:25]} 4. Nc3 {
[%clk 1:21:25]} 4... Bg7 {[%clk 1:30:31]} 5. Rb1 {[%clk 1:21:01]} 5... Nd4 {
[%clk 1:17:18]} 6. e3 {[%clk 1:14:09]} 6... Ne6 {[%clk 1:17:14]} 7. Nge2 {
[%clk 1:14:28]} 7... Ne7 {[%clk 1:09:16]} 8. d4 {[%clk 1:13:13]} 8... d6 {
[%clk 1:06:11]} 9. O-O {[%clk 1:04:14]} 9... O-O {[%clk 1:06:27]} 10. b4 {
[%clk 1:04:33]} 10... f5 {[%clk 0:52:55]} 11. dxe5 {[%clk 0:57:25]} 11... dxe5
{[%clk 0:49:41]} 12. Qb3 {[%clk 0:57:47]} 12... c6 {[%clk 0:48:56]} 13. Rd1 {
[%clk 0:57:31]} 13... Qc7 {[%clk 0:47:30]} 14. Nd5 {[%clk 0:56:49]} 14... cxd5
{[%clk 0:42:12]} 15. cxd5 {[%clk 0:54:05]} 15... Rd8 {[%clk 0:37:05]} 16. Ba3 {
[%clk 0:45:00]} 16... e4 {[%clk 0:19:14]} 17. dxe6 {[%clk 0:44:16]} 17... Rxd1+
{[%clk 0:19:42]} 18. Rxd1 {[%clk 0:44:36]} 18... Qb6 {[%clk 0:06:14]} 19. Nd4 {
[%clk 0:44:14]} 19... Bxd4 {[%clk 0:06:16]} 20. Rxd4 {[%clk 0:43:59]} 20...
Bxe6 {[%clk 0:06:41]} 21. Qd1 {[%clk 0:44:18]} 21... Nc6 {[%clk 0:04:19]} 22.
Rd6 {[%clk 0:44:39]} 22... Bc4 {[%clk 0:02:20]} 23. Qc2 {[%clk 0:44:57]} 23...
Qc7 {[%clk 0:02:18]} 24. Qxc4+ {[%clk 0:45:20]} 1-0